000 00796nam a22002777a 4500
001 BR7601240
003 BR-BrBNA
005 20241030100610.0
008 230509b bl.||||| |||| 00| 0 por d
040 _aBR-BrBNA
_bpor
041 _a(Por)
072 _aC00
_b/G514
090 _aC00
_bBR7601240
100 1 _aAragão, Tennyson Araújo
245 1 _aNormas para planejamento de habilitações no ensino de 2. grau /
260 3 _aRio de Janeiro, RJ (Brasil):
_c1975,
_bPRODEM - Programa de Desenvolvimento do Ensino Médio.
300 _a121 p.
500 _a23 tables
650 _aEDUCACAO AGRICOLA
650 _aEXTENSAO RURAL
650 _aESCOLA
650 _aENSINO AGRICOLA
909 _a10/2024
_bSARAH
942 _cBK
999 _c21869
_d21869